| 000 | 00525nam a22001937a 4500 | ||
|---|---|---|---|
| 003 | CEME | ||
| 005 | 20210628203256.0 | ||
| 008 | 210125b xxu||||| |||| 00| 0 eng d | ||
| 020 | _a9780071270762 | ||
| 040 | _c. | ||
| 082 | _a155 DAC | ||
| 100 |
_aDacey,John S, Travers,John.F, Flore,Lisa _964451 |
||
| 245 | _aHuman development, across the lifespan | ||
| 250 | _a7TH | ||
| 260 |
_aSINGAPORE _bMCGRAW HILL _c2009 |
||
| 300 | _aXVIII,584P | ||
| 650 |
_aHUMAN DEVELOPMENT-ACROSS THE LIFESPAN. _964452 |
||
| 942 |
_cBK _2ddc |
||
| 999 |
_c572933 _d572933 |
||